000 00551nam a22001697a 4500
020 _a9780071315869
050 _aTK5105
_b.F66 2007
100 _a Forouzan, Behrouz A
245 _aData communications and networking
250 _a5th Edition
_bGlobal Edition
260 _aNewYork
_bMcGraw Hill
_c2007
300 _axxxvii, 1226p.: illustrations and tables
500 _aincludes index and bibliography
650 _bComputer networks, Data transmission systems
_vbook
_xPBK
700 _a Fegan, Sophia Chung; Coombs, Catherine Ann
942 _cGEN
999 _c610
_d610